Paramétres régissant la transition "fonte blanchefonte grise" dans le cas d obtention de piéces a parois minces en fonte G.S."Ductile brut de coulée". France

Salvato in:
Dettagli Bibliografici
Natura: Libro
Lingua:francese
Pubblicazione: Moskva : CIAFT, 1988
Tags: Aggiungi Tag
Nessun Tag, puoi essere il primo ad aggiungerne!!

MARC

LEADER 00000nam a22000003a 4500
001 stu40311
005 20141122044601.2
008 930419s1988----xxr-----------------fre-d
040 |a STU  |b slo 
041 0 |a fre 
044 |a xxr 
245 |a Paramétres régissant la transition "fonte blanchefonte grise" dans le cas d obtention de piéces a parois minces en fonte G.S."Ductile brut de coulée". France 
260 |a Moskva :  |b CIAFT,  |c 1988 
300 |a 15 s 
996 |b 284M069310  |c M*Z-127  |l MMKN  |s A  |a 24  |w stu40311_0001